[Event "SG Turm Raesfeld/Erle 2 - SK Münster 5"]
[Site "Verbandsklasse 2016/2017"]
[Date "2017.03.04"]
[Round "7.1"]
[White "Jensen, Sören"]
[Black "Bölker, Franz"]
[Result "1/2-1/2"]
[WhiteElo "1734"]
[BlackElo "1798"]
[PlyCount "131"]
[EventDate "2017.??.??"]
[SourceDate "2016.10.13"]

1. f4 d5 2. Nf3 c5 3. b3 Nf6 4. Bb2 Nc6 5. e3 Bg4 6. Be2 e6 7. O-O Bd6 8. a3
Qc7 9. Nc3 a6 10. Qe1 d4 11. Nd1 O-O-O 12. Nf2 h5 13. h3 Bf5 14. Bd3 Bh7 15.
Ng5 e5 16. Nxh7 Nxh7 17. Ne4 exf4 18. Nxd6+ Qxd6 19. exf4 Nf6 20. Qg3 Nd5 21.
Rae1 Rhg8 22. Qf3 g6 23. c4 dxc3 24. dxc3 Nxf4 25. Be4 g5 26. Bc1 Rgf8 27. Bxc6
Qxc6 28. Qxc6+ bxc6 29. Bxf4 gxf4 30. Rxf4 Rd3 31. Rc4 Rg8 32. Kh2 Rd2 33. Rg1
Rg5 34. b4 cxb4 35. axb4 Kb7 36. Rf4 f5 37. Rf3 Kb6 38. h4 Rg4 39. Kh3 f4 40.
g3 Rc2 41. Rxf4 Rxf4 42. gxf4 Rxc3+ 43. Rg3 Rc4 44. Rf3 Kc7 45. f5 Kd7 46. Ra3
Rxb4 47. Rxa6 Rb3+ 48. Kg2 Rb5 49. Ra7+ Kd6 50. f6 Rf5 51. f7 c5 52. Kg3 Ke6
53. Rc7 Kd6 54. Ra7 Kc6 55. Ra6+ Kd5 56. Rh6 Rxf7 57. Rxh5+ Kd4 58. Rg5 c4 59.
Rg6 Rc7 60. Kf4 c3 61. Rd6+ Kc4 62. Rd1 c2 63. Rc1 Kd4 64. Kg5 Rc5+ 65. Kg6
Rc6+ 66. Kg5 1/2-1/2

[Event "SG Turm Raesfeld/Erle 2 - SK Münster 5"]
[Site "Verbandsklasse 2016/2017"]
[Date "2017.03.04"]
[Round "7.2"]
[White "Fasselt, Hendrik"]
[Black "Vogenauer, Nikolas"]
[Result "1/2-1/2"]
[WhiteElo "1822"]
[BlackElo "1665"]
[PlyCount "106"]
[EventDate "2017.??.??"]
[SourceDate "2016.10.13"]

1. b3 e5 2. Bb2 Nc6 3. e3 Nf6 4. Nf3 e4 5. Nd4 Nxd4 6. Bxd4 d5 7. Be2 Be7 8.
O-O O-O 9. d3 Bf5 10. Nd2 Qd6 11. dxe4 Nxe4 12. Nf3 Rad8 13. Be5 Qb6 14. Bd3
Bf6 15. Bxf6 Qxf6 16. Nd4 Bg6 17. Ne2 Nc3 18. Qd2 Bxd3 19. cxd3 Nxe2+ 20. Qxe2
d4 21. e4 Rfe8 22. Rac1 c6 23. Qd2 Qd6 24. Qa5 Qb8 25. Rc4 Re6 26. Rfc1 b6 27.
Qd2 Qc8 28. Qc2 Rdd6 29. f4 Qa6 30. Qb2 g6 31. e5 Rd8 32. b4 Kg7 33. Qc2 h6 34.
Rxc6 Rde8 35. Rxe6 Rxe6 36. Qc4 Qa3 37. Rc2 Qa4 38. Kf2 b5 39. Qc5 a6 40. Ke2
Re8 41. Kd2 a5 42. Qxd4 Re6 43. Rb2 axb4 44. Qxb4 Qa7 45. d4 Qb7 46. Ke3 f5 47.
g3 g5 48. fxg5 hxg5 49. Qc5 Qe4+ 50. Kf2 Rh6 51. Qe7+ Kh8 52. Qd8+ Kh7 53. Qe7+
Kh8 1/2-1/2

[Event "SG Turm Raesfeld/Erle 2 - SK Münster 5"]
[Site "Verbandsklasse 2016/2017"]
[Date "2017.03.04"]
[Round "7.3"]
[White "Peters, Helmut"]
[Black "Brömmel, Chris"]
[Result "1/2-1/2"]
[WhiteElo "2089"]
[BlackElo "1770"]
[PlyCount "44"]
[EventDate "2017.??.??"]
[SourceDate "2016.10.13"]

1. e4 c6 2. d4 d6 3. c4 Qc7 4. Nc3 e5 5. Nf3 Bg4 6. Be2 Nf6 7. O-O Be7 8. Be3
O-O 9. d5 Rd8 10. h3 Bh5 11. Nd2 Bg6 12. Rc1 Nbd7 13. b4 a5 14. a3 axb4 15.
axb4 Ra3 16. c5 Raa8 17. f4 exf4 18. Bxf4 Ne5 19. Bxe5 dxe5 20. d6 Bxd6 21.
cxd6 Qxd6 22. Nf3 Qxb4 1/2-1/2

[Event "SG Turm Raesfeld/Erle 2 - SK Münster 5"]
[Site "Verbandsklasse 2016/2017"]
[Date "2017.03.04"]
[Round "7.5"]
[White "Kamp, Aaron"]
[Black "Suer, Julian"]
[Result "1-0"]
[WhiteElo "1702"]
[BlackElo "1730"]
[PlyCount "63"]
[EventDate "2017.??.??"]
[SourceDate "2016.10.13"]

1. e4 d5 2. exd5 Qxd5 3. Nc3 Qa5 4. Nf3 Nf6 5. d4 Bg4 6. Bd2 c6 7. Ne4 Qb6 8.
Nxf6+ gxf6 9. Bc3 Nd7 10. h3 Bh5 11. Bc4 O-O-O 12. a4 e5 13. a5 Qc7 14. Qe2 Bh6
15. O-O Rde8 16. Rfe1 e4 17. g4 Rhg8 18. Nh4 e3 19. Ng2 exf2+ 20. Qxf2 Bg6 21.
d5 c5 22. a6 b6 23. Rad1 Qd6 24. Nh4 Be4 25. Bd3 Bxd3 26. Rxd3 Ne5 27. Nf5 Qf8
28. Bxe5 Rxe5 29. Rxe5 fxe5 30. d6 e4 31. Ne7+ Kd8 32. Qf5 1-0

[Event "SG Turm Raesfeld/Erle 2 - SK Münster 5"]
[Site "Verbandsklasse 2016/2017"]
[Date "2017.03.04"]
[Round "7.6"]
[White "Droste, Laurenz"]
[Black "Schlagheck, Thomas"]
[Result "0-1"]
[WhiteElo "1648"]
[BlackElo "1654"]
[PlyCount "136"]
[EventDate "2017.??.??"]
[SourceDate "2016.10.13"]

1. f4 f5 2. e3 Nf6 3. b3 e6 4. Bb2 Nc6 5. Nf3 Be7 6. Bb5 d6 7. O-O Bd7 8. Bxc6
Bxc6 9. Nc3 Qd7 10. Ne2 h6 11. Ned4 Bxf3 12. Qxf3 O-O-O 13. c4 Rhg8 14. b4 g5
15. g3 gxf4 16. exf4 h5 17. Nb5 a6 18. a4 h4 19. Bd4 hxg3 20. Na7+ Kb8 21. b5
gxh2+ 22. Kh1 a5 23. Nc6+ Kc8 24. Nxa5 Ne4 25. Bf2 Bf6 26. Rae1 Nxf2+ 27. Rxf2
d5 28. Rxh2 Bd4 29. Nb3 Qg7 30. Nxd4 Qxd4 31. cxd5 exd5 32. Qe3 Qe4+ 33. Qxe4
dxe4 34. Rc1 Rd7 35. a5 Kb8 36. Rc5 Rdg7 37. Rc1 Rg4 38. Rh7 Rc8 39. Rf1 Rd8
40. Rc1 Rc8 41. Rc5 Rxf4 42. Rg7 Rf2 43. Rd5 f4 44. Kg1 e3 45. dxe3 fxe3 46.
Re5 Rb2 47. Rg2 Rb1+ 48. Kh2 Rh8+ 49. Kg3 Rg8+ 50. Kh2 Rxg2+ 51. Kxg2 e2 52.
Re8+ Ka7 53. b6+ cxb6 54. axb6+ Kxb6 55. Rxe2 Ka5 56. Ra2+ Kb4 57. Kf2 Kc3 58.
Ra8 Rd1 59. Rc8+ Kb4 60. Ke3 b5 61. Ke2 Rd5 62. Rc1 Kb3 63. Rc8 b4 64. Ke3 Kb2
65. Rc7 b3 66. Rc8 Kb1 67. Rc3 b2 68. Rc8 Ra5 0-1

[Event "SG Turm Raesfeld/Erle 2 - SK Münster 5"]
[Site "Verbandsklasse 2016/2017"]
[Date "2017.03.04"]
[Round "7.7"]
[White "Sobel, Meinhard"]
[Black "Cvetkovic, Reinhard"]
[Result "1/2-1/2"]
[WhiteElo "1526"]
[BlackElo "1663"]
[PlyCount "97"]
[EventDate "2017.??.??"]
[SourceDate "2016.10.13"]

1. e4 e6 2. d4 d5 3. Nd2 c5 4. Ngf3 Nc6 5. exd5 exd5 6. dxc5 Bxc5 7. Nb3 Bb6 8.
c3 Nge7 9. Be2 Bf5 10. O-O O-O 11. Nbd4 Be4 12. Be3 Bc7 13. Qd2 Ng6 14. Ng5
Nxd4 15. Qxd4 Qd6 16. g3 Bf5 17. Rad1 Rad8 18. Qd2 h6 19. Nf3 Be4 20. Nd4 Ne5
21. f3 Bh7 22. Nb5 Qe7 23. Nxc7 Qxc7 24. Bd4 Rfe8 25. Qc1 Nc6 26. Kf2 Nxd4 27.
Rxd4 Re5 28. Rfd1 Rde8 29. R1d2 Qe7 30. Qd1 Qf6 31. Bb5 R8e6 32. Rxd5 Rxd5 33.
Rxd5 Be4 34. Rd8+ Kh7 35. Bd3 g6 36. Bxe4 Rxe4 37. Rd4 Re5 38. Qd2 Qa6 39. a3
Rh5 40. Kg2 Re5 41. Re4 Rb5 42. Re2 Rf5 43. Qe3 h5 44. Rd2 Qc6 45. Qd3 Qe6 46.
Re2 Qc6 47. Rd2 Qe6 48. Re2 Qc6 49. Qd2 1/2-1/2

[Event "SG Turm Raesfeld/Erle 2 - SK Münster 5"]
[Site "Verbandsklasse 2016/2017"]
[Date "2017.03.04"]
[Round "7.8"]
[White "Grömping, Franz-Josef"]
[Black "Börding, Thomas"]
[Result "1-0"]
[WhiteElo "1675"]
[BlackElo "1528"]
[PlyCount "99"]
[EventDate "2017.??.??"]
[SourceDate "2016.10.13"]

1. e4 c5 2. Nf3 Nc6 3. Bd3 e5 4. c3 d6 5. Bc2 Bg4 6. h3 Bh5 7. O-O Be7 8. Na3
Nf6 9. Re1 O-O 10. g4 Bg6 11. d4 Qc7 12. d5 Nd8 13. Nb5 Qd7 14. a4 a6 15. Na3
b5 16. Bg5 Rb8 17. axb5 axb5 18. c4 bxc4 19. Nxc4 Rb4 20. Qe2 h5 21. Bxf6 Bxf6
22. Nfd2 hxg4 23. Qxg4 Qxg4+ 24. hxg4 Nb7 25. Ra6 Rd8 26. Ba4 Bg5 27. b3 Bxd2
28. Nxd2 Rd4 29. Re2 Rb4 30. Nc4 Kf8 31. f3 f6 32. Rb2 Be8 33. Kf2 Bb5 34. Bxb5
Rxb5 35. Ke3 Ke7 36. Nd2 Rc8 37. Kd3 c4+ 38. Ke3 c3 39. Rc2 Rb4 40. Nb1 Rxb3
41. Na3 Kd7 42. Ra7 Rc7 43. Ke2 Rc5 44. Kd3 Rc7 45. Ke2 Rb2 46. Kd1 Rc5 47.
Rxb2 cxb2 48. Rxb7+ Kc8 49. Rxb2 Rc3 50. Rc2 1-0